Historical Counties of Scotland Quiz Stats

 Plays Quiz Updated Mar 8, 2019

Score 0/33 Timer 10:00
13 Plays Today
% Correct
Aberdeenshire
79.6%
Shetland
77.7%
Orkney
76%
Fife
71.5%
Perthshire
70.7%
West Lothian
68.7%
East Lothian
68.6%
Midlothian
67.9%
Ayrshire
64.4%
Inverness-shire
62.6%
Argyllshire
61.8%
Sutherland
58.5%
Angus
58.4%
Stirlingshire
56%
Lanarkshire
55.9%
Morayshire
55.4%
Caithness
54.3%
% Correct
Dumfriesshire
53.1%
Buteshire
52%
Dumbartonshire
50.6%
Berwickshire
50.1%
Ross and Cromarty
48.2%
Renfrewshire
47.8%
Banffshire
47.1%
Wigtownshire
44.6%
Clackmannanshire
44.6%
Nairnshire
44.3%
Peeblesshire
41.6%
Kirkcudbrightshire
39.9%
Roxburghshire
39.4%
Kincardineshire
39.2%
Selkirkshire
38.6%
Kinross-shire
38.6%

You're not logged in!

Compare scores with friends on all Sporcle quizzes.
OR
Log In

Sporcle TV

Today on Sporcle TV


Watch our educational content, quiz creation guides, and fun videos on Sporcle TV.

Show Comments

Extras

Top Quizzes Today


Score Distribution

Your Account Isn't Verified!

In order to create a playlist on Sporcle, you need to verify the email address you used during registration. Go to your Sporcle Settings to finish the process.

Report this User

Report this user for behavior that violates our Community Guidelines.

Details: